Stati degli Stati Uniti dalla a-z - Statistics

Statistiche generali
  • Questo quiz è stato fatto 388 volte
  • Il punteggio medio è 16 su 19
Statistiche sulle risposte
Lettera Stato % Corretto
A
98%
C
97%
O
96%
M
95%
N
95%
I
94%
W
94%
K
93%
F
92%
T
90%
V
86%
G
84%
D
82%
U
81%
H
80%
L
76%
R
73%
P
72%
S
54%
Nessun quiz corrispondente trovato
Distribuzione punteggi
Percentuale di utenti per punteggio
Percentile per numero di risposta
I tuoi punteggi nel tempo
Non hai fatto questo quiz